000 00556nam a2200217Ia 4500
003 OSt
005 20220918173638.0
006 a|||||r|||| 00| 0
007 ta
008 220917b |||||||| |||| 00| 0 eng d
024 _a7,435
037 _cTextual
040 _aARTS
_cARTS
_beng
041 _2eng
_aeng
082 _a3641:N5, 122J7.1-.2 (906
245 0 _aEncyclopedia Belgique-Congo
260 _c1952
650 _aPRINTING - STYLE MANUALS
942 _h3641:N5, 122J7.1-.2 (906
_cTEXL
_2CC
999 _c149311
_d149311